000 00611cam a2200205 4500
001 D15695
008 090401t1979 xxu||||| |||| 00| 0 eng d
035 _a(Sirsi) u24643
041 _aeng
050 _a526.942575
100 _aAnderson, M.F.
245 _aMilton Keynes - a land survey commentary
260 _bRICS
_c1979
300 _a12p. 1. 31cm
350 _a0
520 _aFiled in Box 1979/23A : A paper given to the Ordinary General Meeting of the Land Surveyors Division on 1st. March 1979
710 _aRoyal Institution of Chartered Surveyors
_94900
942 _n0
948 _c04/03/1997
999 _c88584
_d88584